| 000 | 00453cam a2200193ua 4500 | ||
|---|---|---|---|
| 001 | 9117 | ||
| 008 | 150221n ii |||gr||||Z||||||asm | ||
| 020 | _a8176800023 | ||
| 040 | _cMAIN | ||
| 041 | _aasm | ||
| 082 | _a301 | ||
| 100 |
_aSaikia, U., _eAuthor. |
||
| 245 | 1 |
_aIntroduction to sociology _cBy Utpal Saikia |
|
| 250 | _a1st. | ||
| 260 |
_aDibrugarh: _bStudents, _c2006. |
||
| 300 | _a318p. | ||
| 653 | _aSociology & anthropology | ||
| 942 | _cBK | ||
| 999 |
_c8189 _d8189 |
||